000 01113nam a2200229Ia 4500
003 Ost
005 20260507075117.0
008 260507s9999||||xx |||||||||||||| ||und||
040 _cfsecg
041 _aara
082 _a338.5
100 _aداود، حسام علي
_eمؤلف
245 0 _aمبادئ الإقتصاد الجزئي /
_c حسام علي داود
250 _aطبعة 3
260 _aعمان:
_bدار المسيرة للنشر والتوزيع,
_c2003
300 _a304 صفحة؛
_bإيضاحات ؛
_c24 سم
520 _aمفاهيم اقتصادية عامة- الطلب على السلع والخدمات- العرض من السلع والخدمات- تفاعل الطلب والعرض في السوق- المرونات- سلوك المستهلك- الإنتاج والتكاليف- سلوك المؤسسات الإقتصادية في ظل الاسواق المختلفة- سوق عناصر الإنتاج
653 _aالإقتصاد
653 _aالإقتصاد الجزئي
700 _aالصعيدي، عماد وآخرون
_eمؤلف ثانوي
942 _cكتاب
999 _c43030
_d43030